Mel Brooks' The producers (Registro nro. 324224)

Detalles MARC
000 -ENCABEZADO
Número de control [NR] 01490ngc a22003254a 4500
005 - FECHA Y HORA DE LA ÚLTIMA TRANSACCIÓN
control field 20240521092608.0
008 - DE LONGITUD FIJA DE DATOS DE ELEMENTOS - INFORMACIÓN GENERAL
Elementos de longitud fija [NR] 240517b ||||| |||| 00| 0 eng d
040 ## - FUENTE DE CATALOGACION [NR]
Agencia de catalogación original [NR] Co-BoUCM
Idioma de catalogación [NR] Español
Quien Cataloga David Moreno
Quien Clasifica David Moreno
041 ## - CODIGO DE IDIOMA [R]
Código de idioma para texto/pista de sonido o título separado [R] Inglés
092 ## - SIGNATURA TOPOGRAFICA LOCAL
Número de clasificación local DVD 1667
245 10 - MENCION DE TITULO [NR]
Título [NR] Mel Brooks' The producers
300 ## - DESCRIPCION FISICA [R]
Extensión [R] 1 videodisc (88 min.)
Otros detalles físicos [NR] sound, color
Dimensiones [R] 4 3/4 in.
490 ## - MENCION DE SERIE [R]
Mención de serie [R] KL studio classics.
500 ## - NOTA GENERAL [R]
Nota general [NR] .
508 ## - NOTA DE CREDITOS DE CREACION/PRODUCCION [R]
Nota de créditos de creación/producción [NR] Joseph E. Levine presents ; a Sidney Glazier production ; written by Mel Brooks ; produced by Sidney Glazier ; directed by Mel Brooks.
508 ## - NOTA DE CREDITOS DE CREACION/PRODUCCION [R]
Nota de créditos de creación/producción [NR] Director of photography, Joseph Coffey ; edited by Ralph Rosenblum ; music composed and conducted by John Morris ; "We're prisoners of love" and "Springtime for Hitler" words and music by Mel Brooks ; choreographer, Alan Johnson.
600 1# - ASIENTO SECUNDARIO DE MATERIA - NOMBRE PERSONAL [R]
Nombre personal [NR] Mel Brooks
9 (RLIN) 180862
Subdivisión de forma [R] The Producers
Subdivisión general [R] Comedia musical
650 04 - ASIENTO SECUNDARIO DE MATERIA - TERMINO TEMATICO [R]
Término temático o nombre geográfico como elemento de entrada [NR] Broadway
9 (RLIN) 79841
Subdivisión general [R] Adaptación cinematográfica
-- Producción teatral
650 04 - ASIENTO SECUNDARIO DE MATERIA - TERMINO TEMATICO [R]
Término temático o nombre geográfico como elemento de entrada [NR] Parodia
Subdivisión general [R] Sátira
-- Comedia clásica
9 (RLIN) 180886
700 1# - ASIENTO SECUNDARIO - NOMBRE PERSONAL [R]
Nombre personal [NR] Brooks, Mel 1926-
9 (RLIN) 150732
Fechas asociadas con el nombre [NR] 1926-
700 1# - ASIENTO SECUNDARIO - NOMBRE PERSONAL [R]
Nombre personal [NR] E Levine, Joseph
9 (RLIN) 60214
700 1# - ASIENTO SECUNDARIO - NOMBRE PERSONAL [R]
Nombre personal [NR] Glazier, Sidney
9 (RLIN) 180834
Fechas asociadas con el nombre [NR] 1980-
700 1# - ASIENTO SECUNDARIO - NOMBRE PERSONAL [R]
Nombre personal [NR] Mostel, Zero
9 (RLIN) 91205
Fechas asociadas con el nombre [NR] 1915-1977
700 1# - ASIENTO SECUNDARIO - NOMBRE PERSONAL [R]
Nombre personal [NR] Wilder, Gene
9 (RLIN) 180835
Fechas asociadas con el nombre [NR] 1933-2016
700 1# - ASIENTO SECUNDARIO - NOMBRE PERSONAL [R]
Nombre personal [NR] Shawn, Dick
9 (RLIN) 180219
700 1# - ASIENTO SECUNDARIO - NOMBRE PERSONAL [R]
Nombre personal [NR] Winwood, Estelle
9 (RLIN) 180861
Fechas asociadas con el nombre [NR] 1883-1984
700 1# - ASIENTO SECUNDARIO - NOMBRE PERSONAL [R]
Nombre personal [NR] Hewett, Christopher
9 (RLIN) 180849
Fechas asociadas con el nombre [NR] 1922-2001
700 1# - ASIENTO SECUNDARIO - NOMBRE PERSONAL [R]
Nombre personal [NR] Mars, Kenneth
9 (RLIN) 177030
942 ## - ELEMENTOS DE ENTRADA AGREGADOS (KOHA)
Sistema de clasificación LOCAL
Tema principal Entretenimiento
Tipo de ítem principal el descrito en 300a Multimedia
Edición 1
Clasificación DVD
Parte restante de la signatura top. 1667
Título oculto en OPAC No
Existencias
Suprimido Perdido Dañado No prestable Tipo de ítem específico Ubicación habitual Ubicación actual Localización Fecha de creación Forma de adquisición Costo Signatura topográfica Código de barras Última vez visto Costo de reposición Price effective from Tipo de ítem
        DVD Claustro Claustro Procesos Técnicos 21/05/2024 Compra 71720.00 DVD 1667 100172548 11/12/2025 71720.00 21/05/2024 Multimedia